000
003220000a22001450004500
003
MACL
040
_a
MACL
090
_c
42705
_d
42703
100
_a
De, Amalendu
245
_a
Religious Fundamentalism and Secularism in India
260
_b
Rachayita
_c
2007
350
_a
350
650
_a
Religion
942
_c
BOOK
_k
200/DE
999
_c
42254
_d
42254